| 000 | 00367 a2200133 4500 | ||
|---|---|---|---|
| 001 | 92305 | ||
| 082 | _aPR 2538 | ||
| 090 |
_c44260 _d44261 |
||
| 100 | _aAbdul Rehman; Jahangir Khan Kayani, Dr. and Irfan Aziz (Advisors) | ||
| 245 |
_aElectronic Beam Steering Design _h78 "B" EC |
||
| 260 |
_aIslamabad _bNUST _c2015 |
||
| 300 | _a89p. | ||
| 500 | _aBE Project Repoorts | ||
| 942 |
_aCAE NUST _kPR 2538 |
||
| 999 |
_c327378 _d327378 |
||